<?xml version="1.0" encoding="UTF-8"?>
<record
    xmlns:xsi="http://www.w3.org/2001/XMLSchema-instance"
    xsi:schemaLocation="http://www.loc.gov/MARC21/slim http://www.loc.gov/standards/marcxml/schema/MARC21slim.xsd"
    xmlns="http://www.loc.gov/MARC21/slim">

  <leader>01571nam a22002537a 4500</leader>
  <controlfield tag="003">St Aloysius Coll</controlfield>
  <controlfield tag="005">20260128141644.0</controlfield>
  <controlfield tag="008">260128b        |||||||| |||| 00| 0 eng d</controlfield>
  <datafield tag="020" ind1=" " ind2=" ">
    <subfield code="a">9788131723258</subfield>
  </datafield>
  <datafield tag="024" ind1=" " ind2=" ">
    <subfield code="c">AL</subfield>
  </datafield>
  <datafield tag="040" ind1=" " ind2=" ">
    <subfield code="c">AL</subfield>
  </datafield>
  <datafield tag="041" ind1=" " ind2=" ">
    <subfield code="a">English</subfield>
  </datafield>
  <datafield tag="082" ind1=" " ind2=" ">
    <subfield code="a">545</subfield>
    <subfield code="b">MENV</subfield>
  </datafield>
  <datafield tag="100" ind1=" " ind2=" ">
    <subfield code="a">Mendham J</subfield>
    <subfield code="9">252980</subfield>
  </datafield>
  <datafield tag="245" ind1=" " ind2=" ">
    <subfield code="a">Vogels textbook of quantitative chemical analysis</subfield>
  </datafield>
  <datafield tag="250" ind1=" " ind2=" ">
    <subfield code="a">6th ed.</subfield>
  </datafield>
  <datafield tag="260" ind1=" " ind2=" ">
    <subfield code="a">Noida</subfield>
    <subfield code="b">Pearson</subfield>
    <subfield code="c">2025</subfield>
  </datafield>
  <datafield tag="300" ind1=" " ind2=" ">
    <subfield code="a">xxix,790p.</subfield>
    <subfield code="b">PB</subfield>
    <subfield code="c">23x17Cm.</subfield>
  </datafield>
  <datafield tag="365" ind1=" " ind2=" ">
    <subfield code="2">General</subfield>
    <subfield code="a">5637</subfield>
    <subfield code="b">&#x20B9;944.00</subfield>
    <subfield code="c">&#x20B9;</subfield>
    <subfield code="d">&#x20B9;1180.00</subfield>
    <subfield code="e">20%</subfield>
    <subfield code="f">26/01/2026</subfield>
  </datafield>
  <datafield tag="520" ind1=" " ind2=" ">
    <subfield code="a">Vogel&#x2019;s Textbook of Quantitative Chemical Analysis, published by Pearson, is a comprehensive book on chemical analysis. It is regarded as a classic, and hasn&#x2019;t lost its relevance even today. It is compiled with the latest information on this area of study. It discusses both theory and lab topics with numerous illustrations, diagrams, and reference tables. About Pearson Education Pearson Education has been publishing books of all genres, including science, technology, law, business, humanities and others, and has been educating more than a hundred million people across the world. Some of the books published by Pearson are: Decision Support and Business Intelligence systems, Electromagnetic Field Theory, Computer Architecture and Organization, Managing Business Process Flows, and A Critical Companion to Compulsory English.</subfield>
  </datafield>
  <datafield tag="650" ind1=" " ind2=" ">
    <subfield code="2">Chemistry</subfield>
    <subfield code="a">Quantitative Analysis</subfield>
    <subfield code="9">252981</subfield>
  </datafield>
  <datafield tag="700" ind1=" " ind2=" ">
    <subfield code="a">Denney, R C</subfield>
    <subfield code="d">Barnes, J D</subfield>
    <subfield code="e">Thomas, M</subfield>
    <subfield code="e">Sivasankar,B</subfield>
    <subfield code="9">252982</subfield>
  </datafield>
  <datafield tag="942" ind1=" " ind2=" ">
    <subfield code="2">ddc</subfield>
    <subfield code="c">BK</subfield>
  </datafield>
  <datafield tag="999" ind1=" " ind2=" ">
    <subfield code="c">240830</subfield>
    <subfield code="d">240830</subfield>
  </datafield>
  <datafield tag="952" ind1=" " ind2=" ">
    <subfield code="0">0</subfield>
    <subfield code="1">0</subfield>
    <subfield code="2">ddc</subfield>
    <subfield code="4">0</subfield>
    <subfield code="7">0</subfield>
    <subfield code="8">AC</subfield>
    <subfield code="a">SACPG</subfield>
    <subfield code="b">SACPG</subfield>
    <subfield code="c">SSS</subfield>
    <subfield code="d">2026-01-28</subfield>
    <subfield code="e">Biblios Book Point</subfield>
    <subfield code="g">944.00</subfield>
    <subfield code="l">0</subfield>
    <subfield code="o">545 MENV</subfield>
    <subfield code="p">PG025184</subfield>
    <subfield code="r">2026-01-28 14:22:56</subfield>
    <subfield code="v">1180.00</subfield>
    <subfield code="w">0000-00-00</subfield>
    <subfield code="y">BK</subfield>
  </datafield>
  <datafield tag="952" ind1=" " ind2=" ">
    <subfield code="0">0</subfield>
    <subfield code="1">0</subfield>
    <subfield code="2">ddc</subfield>
    <subfield code="4">0</subfield>
    <subfield code="7">0</subfield>
    <subfield code="8">AC</subfield>
    <subfield code="a">SACPG</subfield>
    <subfield code="b">SACPG</subfield>
    <subfield code="c">SSS</subfield>
    <subfield code="d">2026-01-28</subfield>
    <subfield code="e">Biblios Book Point</subfield>
    <subfield code="g">944.00</subfield>
    <subfield code="l">0</subfield>
    <subfield code="o">545 MENV</subfield>
    <subfield code="p">PG025185</subfield>
    <subfield code="r">2026-01-28 14:22:56</subfield>
    <subfield code="v">1180.00</subfield>
    <subfield code="w">0000-00-00</subfield>
    <subfield code="y">BK</subfield>
  </datafield>
</record>
